[Event "Asia-ch U26 (Women)"]
[Site "Negombo"]
[Date "2003.??.??"]
[Round "?"]
[White "Kasturi, M."]
[Black "Aketayeva, Dana"]
[Result "1/2-1/2"]
[WhiteElo "2195"]
[BlackElo "2060"]
[PlyCount "116"]
[EventDate "2003.07.??"]
[EventType "swiss"]
[EventRounds "7"]
[EventCountry "SRI"]
[SourceTitle "EXT 2007"]
[Source "ChessBase"]
[SourceDate "2006.11.23"]
[SourceVersion "1"]
[SourceVersionDate "2006.11.23"]
[SourceQuality "1"]

1. e4 c5 2. c3 d5 3. exd5 Qxd5 4. d4 cxd4 5. cxd4 Nc6 6. Nf3 e5 7. Nc3 Bb4 8. Bd2 Bxc3 9. Bxc3 e4 10. Ne5 Nxe5 11. dxe5 Ne7 12. Be2 Bd7 13. 0-0 Bc6 14. Qc1 Qe6 15. Qg5 Qg6 16. Qxg6 Nxg6 17. f4 exf3 18. Bxf3 Bxf3 19. Rxf3 Rd8 20. e6 fxe6 21. Bxg7 Rg8 22. Bc3 Nh4 23. Rf2 Rd3 24. Kf1 Nf5 25. Ke2 Rd5 26. g3 Ke7 27. Rd1 Rxd1 28. Kxd1 Ne3+ 29. Kd2 Nd5 30. Be5 Rg4 31. a3 Re4 32. Re2 Rg4 33. Kd3 Kf7 34. h3 Rg6 35. Rf2+ Ke7 36. g4 Rg8 37. Bc3 h5 38. gxh5 Rg3+ 39. Kd2 Rxh3 40. Rg2 Nxc3 41. bxc3 Rxh5 42. Rg7+ Kd6 43. Rxb7 Ra5 44. Rb3 Kc5 45. Kd3 Ra4 46. Kd2 Kc4 47. Rb4+ Rxb4 48. axb4 e5 49. Kc2 e4 50. Kd2 Kb3 51. b5 Kc4 52. Ke3 Kxb5 53. Kd4 e3 54. Kxe3 Kc4 55. Kd2 a5 56. Kc2 a4 57. Kb2 a3+ 58. Kxa3 Kxc3 1/2-1/2

[Event "Asia-ch U26 (Women)"]
[Site "Negombo"]
[Date "2003.??.??"]
[Round "?"]
[White "Kasturi, M."]
[Black "Sachdev, Tania"]
[Result "1/2-1/2"]
[WhiteElo "2195"]
[BlackElo "2145"]
[PlyCount "84"]
[EventDate "2003.07.??"]
[EventType "swiss"]
[EventRounds "7"]
[EventCountry "SRI"]
[SourceTitle "EXT 2007"]
[Source "ChessBase"]
[SourceDate "2006.11.23"]
[SourceVersion "1"]
[SourceVersionDate "2006.11.23"]
[SourceQuality "1"]

1. e4 c5 2. c3 d5 3. exd5 Qxd5 4. d4 Nf6 5. Nf3 Bg4 6. Be2 e6 7. h3 Bh5 8. 0-0 Nc6 9. Be3 cxd4 10. cxd4 Bb4 11. Nc3 Qd6 12. Nb5 Qb8 13. Qb3 0-0 14. Rfd1 Ba5 15. Nc3 Bg6 16. a3 Ne7 17. Ne5 Bc7 18. Bf3 Bxe5 19. dxe5 Qxe5 20. Qxb7 Nf5 21. Qxa8 Rxa8 22. Bxa8 h6 23. Rd8+ Kh7 24. Re1 Qc7 25. Rd2 Qb8 26. Bf3 Nh4 27. Be2 Ne4 28. Nxe4 Bxe4 29. Bf1 Qb7 30. f4 Qc7 31. Bf2 Qxf4 32. Rxe4 Qxd2 33. Rxh4 Qxb2 34. a4 a5 35. Rc4 e5 36. Rc7 f5 37. Bb5 e4 38. Rd7 Qa1+ 39. Kh2 Qe5+ 40. Kg1 Qa1+ 41. Kh2 Qe5+ 42. Kg1 Qa1+ 1/2-1/2

[Event "Asia-ch (Women) 09th"]
[Site "Chennai"]
[Date "2001.09.08"]
[Round "7"]
[White "Khamrakulova, Iroda"]
[Black "Kasturi, M."]
[Result "1-0"]
[WhiteElo "2217"]
[BlackElo "2115"]
[PlyCount "61"]
[EventDate "2001.09.03"]
[EventType "swiss"]
[EventRounds "11"]
[EventCountry "IND"]
[SourceTitle "CBM 084 Extra"]
[Source "ChessBase"]
[SourceDate "2001.10.26"]
[SourceVersion "1"]
[SourceVersionDate "2001.10.26"]
[SourceQuality "1"]

1. e4 e5 2. Nf3 Nf6 3. Nc3 d6 4. d4 Nbd7 5. Bc4 Be7 6. 0-0 h6 7. Be3 c6 8. a4 Qc7 9. Nd2 g5 10. Qe2 Nf8 11. d5 Ng6 12. b4 Nf4 13. Bxf4 gxf4 14. dxc6 bxc6 15. b5 c5 16. Nd5 Nxd5 17. Bxd5 Bb7 18. Bxb7 Qxb7 19. Nc4 Rg8 20. Rfd1 0-0-0 21. a5 f5 22. f3 fxe4 23. fxe4 f3 24. Qxf3 Qxb5 25. Qf5+ Kc7 26. Ne3 Rdf8 27. Qe6 Rg7 28. Rab1 Qe8 29. a6 Qc8 30. Rb7+ Kd8 31. Rxd6+ 1-0

[Event "Asia-ch (Women) 09th"]
[Site "Chennai"]
[Date "2001.09.03"]
[Round "1"]
[White "Nguyen, Thi Thanh An"]
[Black "Kasturi, M."]
[Result "1-0"]
[WhiteElo "2275"]
[BlackElo "2115"]
[PlyCount "103"]
[EventDate "2001.09.03"]
[EventType "swiss"]
[EventRounds "11"]
[EventCountry "IND"]
[SourceTitle "CBM 084 Extra"]
[Source "ChessBase"]
[SourceDate "2001.10.26"]
[SourceVersion "1"]
[SourceVersionDate "2001.10.26"]
[SourceQuality "1"]

1. d4 d6 2. c4 Nf6 3. Nc3 g6 4. e4 Bg7 5. Be2 0-0 6. Bg5 Nbd7 7. Nf3 c6 8. 0-0 Qc7 9. Re1 e5 10. Bf1 Re8 11. d5 Nf8 12. h3 h6 13. Be3 g5 14. h4 g4 15. Nh2 h5 16. g3 Ng6 17. Qd2 c5 18. Bd3 Kh7 19. a3 Qe7 20. Bg5 b6 21. b4 Ba6 22. Ra2 Rec8 23. b5 Bb7 24. a4 a5 25. bxa6 Bxa6 26. Rb2 Rcb8 27. Reb1 Qc7 28. f3 gxf3 29. Bxf6 Bxf6 30. Qf2 Rg8 31. Kh1 Bd8 32. Qxf3 Qd7 33. Qxh5+ Kg7 34. Qf3 Rh8 35. h5 Nf8 36. Rf1 Nh7 37. g4 Ng5 38. Qg3 Qe7 39. Nf3 Nxf3 40. Rxf3 Qg5 41. Rbf2 Ra7 42. Kg2 f6 43. Rf5 Qh6 44. Qh4 Rg8 45. Nb5 Bxb5 46. axb5 Kh7 47. Be2 Ra2 48. g5 Rxg5+ 49. Rxg5 fxg5 50. Qg4 Ra7 51. Qf5+ Kh8 52. Qf8+ 1-0

[Event "Wch U20 Girls 19th"]
[Site "Peristeri"]
[Date "2001.08.23"]
[Round "7"]
[White "Koneru, Humpy"]
[Black "Kasturi, M."]
[Result "1-0"]
[WhiteElo "2387"]
[BlackElo "2115"]
[PlyCount "93"]
[EventDate "2001.08.16"]
[EventType "swiss"]
[EventRounds "13"]
[EventCountry "GRE"]
[SourceTitle "EXT 2002"]
[Source "ChessBase"]
[SourceDate "2001.11.25"]
[SourceVersion "1"]
[SourceVersionDate "2001.11.25"]
[SourceQuality "1"]

1. Nf3 g6 2. d4 Bg7 3. g3 Nf6 4. Bg2 d6 5. 0-0 0-0 6. c4 Nbd7 7. Nc3 e5 8. b3 c6 9. Bb2 Re8 10. e4 Qb6 11. Qd2 exd4 12. Nxd4 Nc5 13. Rfe1 Bd7 14. Rad1 Rad8 15. h3 Bc8 16. Kh2 Ne6 17. Nxe6 Bxe6 18. Ne2 a5 19. Bc3 Rd7 20. f4 Rde7 21. Bd4 Qc7 22. Bf3 Bc8 23. Bxf6 Bxf6 24. Qxd6 Qxd6 25. Rxd6 Re6 26. Rd3 Rd8 27. Rxd8+ Bxd8 28. Bg4 f5 29. exf5 Re8 30. fxg6 Bxg4 31. gxh7+ Kh8 32. hxg4 Bf6 33. g5 Bc3 34. Nxc3 Rxe1 35. g6 Re3 36. Na4 Re2+ 37. Kh3 Rxa2 38. c5 Ra3 39. f5 Rxb3 40. f6 Rf3 41. f7 Kg7 42. Nb6 Rf1 43. Kg2 Rf5 44. Nd7 a4 45. f8Q+ Rxf8 46. Nxf8 a3 47. Ne6+ 1-0

[Event "Asia-ch U20 Girls"]
[Site "Tehran"]
[Date "2001.07.16"]
[Round "5"]
[White "Kasturi, M."]
[Black "Meenakshi, Subbaraman"]
[Result "1-0"]
[WhiteElo "2115"]
[BlackElo "2245"]
[PlyCount "73"]
[EventDate "2001.07.14"]
[EventType "swiss"]
[EventRounds "11"]
[EventCountry "IRI"]
[SourceTitle "EXT 2002"]
[Source "ChessBase"]
[SourceDate "2001.11.25"]
[SourceVersion "1"]
[SourceVersionDate "2001.11.25"]
[SourceQuality "1"]

1. e4 e5 2. Nf3 Nc6 3. Bb5 a6 4. Ba4 Nf6 5. d3 d6 6. c3 g6 7. 0-0 Bg7 8. Nbd2 0-0 9. Re1 Nd7 10. Nf1 Nc5 11. Bc2 Ne6 12. Ne3 b5 13. Nd5 Ne7 14. d4 exd4 15. cxd4 c5 16. dxc5 dxc5 17. a4 Bb7 18. axb5 axb5 19. Rxa8 Bxa8 20. Nxe7+ Qxe7 21. Qe2 Qb7 22. b3 Rd8 23. Rd1 Rxd1+ 24. Qxd1 Nd4 25. Be3 Ne6 26. Ng5 Nxg5 27. Qd8+ Bf8 28. Bxg5 Kg7 29. Bh6+ Kxh6 30. Qxf8+ Kg5 31. Qg7 Qe7 32. h4+ Kg4 33. Qh6 g5 34. hxg5 Qe6 35. g6 Bxe4 36. Bxe4 hxg6 37. f3+ 1-0

[Event "Asia-ch U20 Girls"]
[Site "Tehran"]
[Date "2001.07.14"]
[Round "3"]
[White "Kasturi, M."]
[Black "Aketayeva, Dana"]
[Result "1-0"]
[WhiteElo "2115"]
[BlackElo "2078"]
[PlyCount "109"]
[EventDate "2001.07.14"]
[EventType "swiss"]
[EventRounds "11"]
[EventCountry "IRI"]
[SourceTitle "EXT 2002"]
[Source "ChessBase"]
[SourceDate "2001.11.25"]
[SourceVersion "1"]
[SourceVersionDate "2001.11.25"]
[SourceQuality "1"]

1. e4 e5 2. Nf3 Nc6 3. Bb5 a6 4. Ba4 Nf6 5. d3 b5 6. Bb3 Bc5 7. 0-0 d6 8. h3 0-0 9. c3 Bb7 10. Nbd2 Qe7 11. Re1 Bb6 12. Nf1 Na5 13. Bc2 c5 14. Ng3 Bc8 15. Nh4 Ne8 16. Nhf5 Qf6 17. Nh5 Qe6 18. b4 Nc6 19. Bb3 c4 20. dxc4 bxc4 21. Ba4 Ne7 22. Bxe8 Nxf5 23. Bc6 Nh4 24. Qg4 Qxg4 25. hxg4 Ra7 26. g5 Ng6 27. Be3 Bxe3 28. Rxe3 Ne7 29. Bd5 Nxd5 30. exd5 Bb7 31. Rd1 a5 32. a3 axb4 33. axb4 Rc8 34. Ng3 Kf8 35. Nf5 Ra6 36. Rh3 g6 37. Ne3 Ra3 38. Rc1 Kg7 39. Kh2 Ba6 40. Kg3 Rc7 41. Kf3 f6 42. gxf6+ Kxf6 43. g4 Kg5 44. Kg3 Rf7 45. Nf1 Ra2 46. Rh2 e4 47. f4+ Rxf4 48. Rxa2 Rxg4+ 49. Kf2 Bb7 50. Ne3 Rf4+ 51. Ke2 Rh4 52. Rg1+ Kf6 53. Ra7 Bc8 54. b5 Rh2+ 55. Rg2 1-0